• 首页
  • 本馆介绍
  • 公告通知
  • 最新文献
  • 馆藏检索
  • 电子资源
  • 读者导购
  • 参考咨询
  • 我的图书馆
  • 登录
  • 详细信息显示
  • 放入我的书架
  • 预约/预借图书
  • 作者相关作品
  • 分类相关作品
  • 丛书相关作品
  • 出版社相关作品

书目信息

  • 表格格式
  • 工作单格式
  • 卡片格式
题名:
流域下垫面变化及其对洪水径流过程影响分析方法及应用
    
 
作者: 冯平 , 李建柱 著
分册:  
出版信息: 北京   中国水利水电出版社  2017
页数: 407页
开本: 27cm
丛书名:
单 册:
中图分类: P333.2
科图分类:
主题词:
电子资源:
ISBN: 978-7-5170-5250-0
000 01466nam0 2200277 450
001 012001003320
005 20140130092152.0
010    @a978-7-5170-5250-0@dCNY198.00
099    @aCAL 012017141517
100    @a20170929d2017 ekmy0chiy50 ea
101 0  @achi
102    @aCN@b110000
105    @aabk a 000yy
106    @ar
200 1  @a流域下垫面变化及其对洪水径流过程影响分析方法及应用@Aliu yu xia dian mian bian hua ji qi dui hong shui jing liu guo cheng ying xiang fen xi fang fa ji ying yong@f冯平, 李建柱著
210    @a北京@c中国水利水电出版社@d2017
215    @a407页@c彩图, 地图@d27cm
320    @a有书目
330    @a本书采用水文学的基本理论方法,系统地开展了流域下垫面变化对洪水径流过程影响问题的研究。在水资源分区的基础上划分了不同水文分区,分析了河海流域各水系及典型流域下垫面要素变化程度;对典型流域暴雨洪水及产汇流特征进行了趋势性和变异性分析;采用统计分析和水文模拟分析的方法,定量估算了下垫面要素变化对不同量级洪水的影响程度;进行了下垫面变化影响下设计洪水修订计算,给出了非一致性洪水分析计算方法及水文序列参数估计不确定性分析方法;研究了非一致性设计洪水对水库调洪和区域防洪的影响。
333    @a可供从事水文学及水资源、水利水电工程、地理学科和环境科学等相关领域科学研究人员和工程技术人员参考
607    @a海河@Ahai he@x流域@x下垫面@x影响@x径流@x洪水水文学@x研究
690    @aP333.2@v5
701  0 @a冯平@Afeng ping@4著
701  0 @a李建柱@Ali jian zhu@4著
801  2 @aCN@b北京卓展@c20191020
905    @b1211200-2@dP333.2@e156@f3
    
    流域下垫面变化及其对洪水径流过程影响分析方法及应用/冯平, 李建柱著.-北京:中国水利水电出版社,2017
    407页:彩图, 地图;27cm
    使用对象:可供从事水文学及水资源、水利水电工程、地理学科和环境科学等相关领域科学研究人员和工程技术人员参考
    
    ISBN 978-7-5170-5250-0:CNY198.00
    本书采用水文学的基本理论方法,系统地开展了流域下垫面变化对洪水径流过程影响问题的研究。在水资源分区的基础上划分了不同水文分区,分析了河海流域各水系及典型流域下垫面要素变化程度;对典型流域暴雨洪水及产汇流特征进行了趋势性和变异性分析;采用统计分析和水文模拟分析的方法,定量估算了下垫面要素变化对不同量级洪水的影响程度;进行了下垫面变化影响下设计洪水修订计算,给出了非一致性洪水分析计算方法及水文序列参数估计不确定性分析方法;研究了非一致性设计洪水对水库调洪和区域防洪的影响。
●
相关链接 在E读中查询图书 在五车中查询图书 在当当中查询图书 在豆瓣中查询图书


正题名:流域下垫面变化及其对洪水径流过程影响分析方法及应用     索取号:P333.2/156         预约/预借

序号 登录号 条形码 馆藏地/架位号 状态 备注
1 1211200   212112006   第二样本阅览室/ [索取号:P333.2/156] 在馆    
2 1211201   212112015   第三借阅区/ [索取号:P333.2/156] 在馆    
3 1211202   212112024   第三借阅区/ [索取号:P333.2/156] 在馆    
唐山师范学院图书馆 欢迎您!
大连网信软件有限公司© 版权所有